000 00327nam a22001337a 4500
008 170526b xxu||||| |||| 00| 0 eng d
020 _a9780486649979
041 _aeng
080 _a621(075.8)
100 _a27
101 _aIM
245 _aMAGNETUSN AND METALLURGY OF SOFT MAGNETIC MATERIALS
_cCHEN, CH.W
942 _2udc
_cBK
999 _c14461
_d14461